[Event "9.Open Internacional de Sants"]
[Site "Barcelona ESP"]
[Date "2007.08.29"]
[Round "6.15"]
[White "Gabrielsen, Stig"]
[Black "Gonzalez, Renier"]
[Result "1/2-1/2"]
[WhiteElo "2322"]
[BlackElo "2456"]
[PlyCount "139"]
[EventDate "2007.08.24"]
[EventType "swiss"]
[EventRounds "10"]
[EventCountry "ESP"]
[Source "lmi"]
[SourceDate "2007.08.24"]

1. e4 d5 2. exd5 Qxd5 3. Nc3 Qa5 4. d4 Nf6 5. Nf3 c6 6. Bc4 Bf5 7. Bd2 e6 8.
Nd5 Qd8 9. Nxf6+ gxf6 10. O-O Qc7 11. Re1 Nd7 12. Nh4 Bg6 13. Bxe6 fxe6 14.
Rxe6+ Kf7 15. Qe2 Rg8 16. Re1 Kg7 17. Nxg6 hxg6 18. Qf3 Qd8 19. c4 Rc8 20. Bc3
Rh8 21. d5 Rh5 22. g4 Re5 23. R1xe5 fxe5 24. Qe4 Kg8 25. Qxg6+ Bg7 26. Rd6 Qe7
27. dxc6 Rxc6 28. Rxc6 bxc6 29. Qxc6 Nf8 30. Qd5+ Kh8 31. c5 Ng6 32. c6 Nf4 33.
Qd7 Qxd7 34. cxd7 Ne6 35. Kg2 Kg8 36. Kf3 Kf7 37. Bb4 Nd4+ 38. Ke4 Nc6 39. Bc5
Ke6 40. d8=Q Nxd8 41. Bxa7 Nb7 42. f3 Bf6 43. b3 Be7 44. Bf2 Nd6+ 45. Kd3 Kd5
46. h4 e4+ 47. fxe4+ Nxe4 48. Be1 Nc5+ 49. Kc2 Ne6 50. g5 Nxg5 51. hxg5 Bxg5
52. Kd3 Be7 53. Bc3 Ba3 54. Kc2 Bd6 55. Bb2 Be7 56. a3 Kc5 57. Kd3 Kb5 58. Bc1
Bc5 59. Kc3 Be7 60. b4 Ka4 61. Bf4 Kxa3 62. b5 Bd8 63. Kc4 Kb2 64. Kc5 Kb3 65.
Kc6 Kc4 66. Be3 Ba5 67. Bg5 Bc7 68. Be3 Bd8 69. Bb6 Bg5 70. Bc7 1/2-1/2

[Event "9.Open Internacional de Sants"]
[Site "Barcelona ESP"]
[Date "2007.08.29"]
[Round "6.16"]
[White "Gonzalez Rodriguez, Jorge A"]
[Black "Smallbone, Kieran D"]
[Result "1-0"]
[WhiteElo "2432"]
[BlackElo "2216"]
[PlyCount "49"]
[EventDate "2007.08.24"]
[EventType "swiss"]
[EventRounds "10"]
[EventCountry "ESP"]
[Source "lmi"]
[SourceDate "2007.08.24"]

1. b3 e5 2. Bb2 Nc6 3. e3 Nf6 4. Bb5 Bd6 5. Bxc6 dxc6 6. d3 e4 7. Nd2 exd3 8.
cxd3 Qe7 9. Ngf3 O-O 10. O-O Bg4 11. Qc2 Rad8 12. Rfe1 Rfe8 13. a3 Bh5 14. Qc3
Bg6 15. e4 Bf4 16. Nc4 c5 17. g3 Bh6 18. Nfe5 Bh5 19. h3 Nd7 20. Ng4 Bxg4 21.
hxg4 f6 22. f4 Qe6 23. Ne3 g6 24. g5 Bg7 25. Nd5 1-0

[Event "9.Open Internacional de Sants"]
[Site "Barcelona ESP"]
[Date "2007.08.29"]
[Round "6.17"]
[White "Groffen, Hans"]
[Black "Moser, Eva"]
[Result "0-1"]
[WhiteElo "2147"]
[BlackElo "2424"]
[PlyCount "82"]
[EventDate "2007.08.24"]
[EventType "swiss"]
[EventRounds "10"]
[EventCountry "ESP"]
[Source "lmi"]
[SourceDate "2007.08.24"]

1. d4 d5 2. c4 c6 3. Nf3 Nf6 4. Qc2 dxc4 5. Qxc4 Bf5 6. g3 e6 7. Bg2 Nbd7 8.
O-O Be7 9. Nc3 O-O 10. Qb3 Qb6 11. Qxb6 axb6 12. Nh4 b5 13. e4 Bg4 14. h3 Bh5
15. e5 Nd5 16. Nxd5 cxd5 17. Nf3 Rfc8 18. g4 Bg6 19. Ne1 Nb6 20. f4 Be4 21.
Bxe4 dxe4 22. Rf2 Bh4 23. Re2 Bxe1 24. Rxe1 Rc2 25. Rxe4 Nd5 26. Re1 Rac8 27.
f5 h6 28. fxe6 fxe6 29. g5 hxg5 30. Bxg5 Rxb2 31. Bc1 Rbc2 32. h4 R8c3 33. Bg5
Rg3+ 34. Kh1 Rh3+ 35. Kg1 Rhh2 36. Rec1 Rxa2 37. Rc8+ Kh7 38. Rxa2 Rxa2 39. Rc5
b4 40. Rb5 b6 41. Bd8 Ra5 0-1

[Event "9.Open Internacional de Sants"]
[Site "Barcelona ESP"]
[Date "2007.08.29"]
[Round "6.18"]
[White "Gullaksen, Eirik"]
[Black "White, Michael J R"]
[Result "0-1"]
[WhiteElo "2404"]
[BlackElo "2246"]
[PlyCount "64"]
[EventDate "2007.08.24"]
[EventType "swiss"]
[EventRounds "10"]
[EventCountry "ESP"]
[Source "lmi"]
[SourceDate "2007.08.24"]

1. e4 c5 2. Nf3 e6 3. d4 cxd4 4. Nxd4 Nf6 5. Nc3 Qb6 6. Nb3 Bb4 7. Bd3 Bxc3+ 8.
bxc3 d6 9. O-O e5 10. Kh1 O-O 11. f4 Nbd7 12. Qe1 Qc6 13. Qh4 b6 14. Bd2 Bb7
15. Rae1 Rfe8 16. fxe5 dxe5 17. Bg5 Re6 18. Re3 h6 19. Bxh6 gxh6 20. Rg3+ Kf8
21. Qxh6+ Ke7 22. Rgf3 Rg8 23. Nd2 Rd6 24. Qh4 Qxc3 25. Nc4 Rg4 26. Qh8 Rg8 27.
Qh4 Rg4 28. Qh8 Bxe4 29. Ne3 Rg8 30. Bxe4 Rxh8 31. Nf5+ Kd8 32. Rxc3 Nxe4 0-1

[Event "9.Open Internacional de Sants"]
[Site "Barcelona ESP"]
[Date "2007.08.29"]
[Round "6.19"]
[White "Narciso Dublan, Marc"]
[Black "Picard, Romain"]
[Result "1-0"]
[WhiteElo "2552"]
[BlackElo "2309"]
[PlyCount "38"]
[EventDate "2007.08.24"]
[EventType "swiss"]
[EventRounds "10"]
[EventCountry "ESP"]
[Source "lmi"]
[SourceDate "2007.08.24"]

1. d4 Nf6 2. c4 g6 3. Nc3 d5 4. Nf3 Bg7 5. cxd5 Nxd5 6. Na4 Bf5 7. Nh4 Bd7 8.
Nc5 e5 9. Nf3 Qe7 10. Nxd7 Nxd7 11. dxe5 Nxe5 12. Qxd5 Rd8 13. Qe4 f5 14. Qe3
Qb4+ 15. Bd2 Qxb2 16. Bc3 Qxc3+ 17. Qxc3 Nd3+ 18. Qxd3 Rxd3 19. exd3 Bc3+ 1-0

[Event "9.Open Internacional de Sants"]
[Site "Barcelona ESP"]
[Date "2007.08.30"]
[Round "7.1"]
[White "Nijboer, Friso"]
[Black "Lapshun, Yury"]
[Result "1-0"]
[WhiteElo "2568"]
[BlackElo "2479"]
[PlyCount "53"]
[EventDate "2007.08.24"]
[EventType "swiss"]
[EventRounds "10"]
[EventCountry "ESP"]
[Source "lmi"]
[SourceDate "2007.08.24"]

1. e4 c5 2. Nf3 d6 3. c3 Nf6 4. h3 g6 5. Bd3 Bg7 6. Bc2 e5 7. O-O O-O 8. a3 Nc6
9. d3 d5 10. b4 dxe4 11. dxe4 Be6 12. Be3 Bc4 13. Re1 Qxd1 14. Rxd1 Be2 15. Rd2
Bxf3 16. gxf3 c4 17. a4 Rfc8 18. Na3 Bf8 19. a5 Nxb4 20. cxb4 Bxb4 21. Rdd1
Bxa5 22. Nb5 b6 23. Ra4 Rc6 24. Rd6 Rxd6 25. Nxd6 Nd7 26. Rxc4 Kf8 27. Rc7 1-0

[Event "9.Open Internacional de Sants"]
[Site "Barcelona ESP"]
[Date "2007.08.30"]
[Round "7.2"]
[White "Feller, Sebastien"]
[Black "Pinter, Jozsef"]
[Result "1/2-1/2"]
[WhiteElo "2478"]
[BlackElo "2535"]
[PlyCount "83"]
[EventDate "2007.08.24"]
[EventType "swiss"]
[EventRounds "10"]
[EventCountry "ESP"]
[Source "lmi"]
[SourceDate "2007.08.24"]

1. d4 Nf6 2. c4 e6 3. g3 Bb4+ 4. Bd2 Be7 5. Bg2 d5 6. Nf3 O-O 7. O-O c6 8. Bf4
b6 9. Nc3 Bb7 10. b3 Nbd7 11. Qc2 Nh5 12. Bd2 Nhf6 13. Rad1 Ba6 14. Qd3 Rc8 15.
a4 Bb4 16. Na2 Be7 17. Nc3 Bb4 18. Na2 dxc4 19. bxc4 Bxd2 20. Nxd2 c5 21. d5
exd5 22. Bxd5 Nxd5 23. Qxd5 Qe7 24. Nc3 Rcd8 25. Qf5 Nf6 26. Rfe1 Bc8 27. Qc2
Bg4 28. Nf1 Qe5 29. Ne3 Be6 30. Rxd8 Rxd8 31. Rd1 Rxd1+ 32. Qxd1 Qd4 33. Qd3 g6
34. Kg2 a6 35. Ncd1 Bd7 36. Nc3 Bc6+ 37. f3 Kg7 38. Nc2 Qxd3 39. exd3 Nd7 40.
Kf2 Ne5 41. Ne1 Kf6 42. Ke3 1/2-1/2

[Event "9.Open Internacional de Sants"]
[Site "Barcelona ESP"]
[Date "2007.08.30"]
[Round "7.3"]
[White "Shengelia, Davit"]
[Black "Gonzalez Vidal, Yuri"]
[Result "1-0"]
[WhiteElo "2572"]
[BlackElo "2475"]
[PlyCount "73"]
[EventDate "2007.08.24"]
[EventType "swiss"]
[EventRounds "10"]
[EventCountry "ESP"]
[Source "lmi"]
[SourceDate "2007.08.24"]

1. d4 Nf6 2. c4 e6 3. Nf3 c5 4. d5 exd5 5. cxd5 d6 6. Nc3 g6 7. Qa4+ Bd7 8. Qb3
Qc7 9. e4 Bg7 10. Bd3 O-O 11. O-O Na6 12. Re1 Rfe8 13. h3 Nb4 14. Bc4 b5 15.
Nxb5 Bxb5 16. Bxb5 Reb8 17. Bf1 Nbxd5 18. Qd1 Nb6 19. Bf4 Rd8 20. a4 Nh5 21.
Bg5 Bf6 22. Qc1 Qe7 23. Bxf6 Qxf6 24. e5 dxe5 25. Nxe5 Rac8 26. Ra3 Qg7 27. Rf3
Nf6 28. a5 Nbd5 29. Bc4 Rc7 30. Rd1 Re8 31. Nxf7 Rxf7 32. Rxd5 Kh8 33. Rxc5
Rfe7 34. Bf1 Ne4 35. Rc8 h6 36. Rxe8+ Rxe8 37. Re3 1-0

[Event "9.Open Internacional de Sants"]
[Site "Barcelona ESP"]
[Date "2007.08.30"]
[Round "7.4"]
[White "Moskalenko, Viktor"]
[Black "Moser, Eva"]
[Result "1/2-1/2"]
[WhiteElo "2560"]
[BlackElo "2424"]
[PlyCount "102"]
[EventDate "2007.08.24"]
[EventType "swiss"]
[EventRounds "10"]
[EventCountry "ESP"]
[Source "lmi"]
[SourceDate "2007.08.24"]

1. d4 d5 2. c4 c6 3. Nf3 Nf6 4. Nc3 dxc4 5. a4 Bf5 6. e3 e6 7. Bxc4 Bb4 8. O-O
O-O 9. Nh4 Nbd7 10. Nxf5 exf5 11. f3 Qa5 12. Qc2 c5 13. Ne2 cxd4 14. exd4 Rac8
15. Qd3 Rfe8 16. Bg5 h6 17. Bh4 Nd5 18. Bf2 N7f6 19. Bb5 Re6 20. Rac1 Rxc1 21.
Nxc1 Be1 22. Bxe1 Rxe1 23. Ne2 Qb4 24. b3 f4 25. Kf2 Rxf1+ 26. Kxf1 Qa3 27. Qb1
g6 28. Bc4 Ne3+ 29. Kf2 Nxc4 30. bxc4 Qxa4 31. Qxb7 Qxc4 32. Qxa7 g5 33. Qb8+
Kg7 34. Qe5 Qe6 35. Qxe6 fxe6 36. Nc3 Kg6 37. Ke2 Kf5 38. Kd3 g4 39. Nb5 gxf3
40. gxf3 e5 41. Nd6+ Ke6 42. Nc4 exd4 43. Kxd4 Kf5 44. Nd6+ Ke6 45. Nc8 Kf5 46.
Ne7+ Ke6 47. Nc6 Kf5 48. Ne7+ Ke6 49. Ng6 Kf5 50. Nh4+ Kg5 51. Ng2 Kf5 1/2-1/2

[Event "9.Open Internacional de Sants"]
[Site "Barcelona ESP"]
[Date "2007.08.30"]
[Round "7.5"]
[White "Sulskis, Sarunas"]
[Black "Salgado Lopez, Ivan"]
[Result "1/2-1/2"]
[WhiteElo "2537"]
[BlackElo "2456"]
[PlyCount "96"]
[EventDate "2007.08.24"]
[EventType "swiss"]
[EventRounds "10"]
[EventCountry "ESP"]
[Source "lmi"]
[SourceDate "2007.08.24"]

1. e4 e6 2. d4 d5 3. Nc3 dxe4 4. Nxe4 Bd7 5. Nf3 Bc6 6. Bd3 Nd7 7. Qe2 Ngf6 8.
Nxf6+ Nxf6 9. O-O Bxf3 10. Qxf3 Qd5 11. Qxd5 Nxd5 12. c4 Nb4 13. Be4 f5 14. Bb1
g6 15. d5 exd5 16. Re1+ Kd7 17. Rd1 Bg7 18. a3 Nc6 19. cxd5 Nd4 20. Bd3 a6 21.
Bf4 Rhe8 22. Rac1 Rac8 23. Kf1 Nb5 24. a4 Nd6 25. b4 Be5 26. Bd2 Re7 27. Rc2
Ne4 28. Be1 Nd6 29. h3 Bf6 30. g4 fxg4 31. hxg4 Bg5 32. b5 axb5 33. Bxb5+ Nxb5
34. axb5 Bf4 35. Ra2 Bd6 36. Ra7 b6 37. Ra4 Rce8 38. Bc3 Re4 39. Rad4 Rxd4 40.
Bxd4 h5 41. gxh5 gxh5 42. Kg2 Rf8 43. Be3 Rf5 44. Rd3 Be5 45. Bc1 Bd6 46. Be3
Ke7 47. Rd1 Kf7 48. f4 h4 1/2-1/2

[Event "9.Open Internacional de Sants"]
[Site "Barcelona ESP"]
[Date "2007.08.30"]
[Round "7.6"]
[White "Alsina Leal, Daniel"]
[Black "Cuartas, Jaime Alexander"]
[Result "1/2-1/2"]
[WhiteElo "2416"]
[BlackElo "2504"]
[PlyCount "67"]
[EventDate "2007.08.24"]
[EventType "swiss"]
[EventRounds "10"]
[EventCountry "ESP"]
[Source "lmi"]
[SourceDate "2007.08.24"]

1. e4 c6 2. d4 d5 3. Nc3 dxe4 4. Nxe4 Nd7 5. Ng5 Ngf6 6. Bd3 e6 7. N1f3 Bd6 8.
Qe2 h6 9. Ne4 Nxe4 10. Qxe4 Nf6 11. Qe2 Qc7 12. Bd2 b6 13. O-O-O Bb7 14. Ne5
O-O-O 15. f4 Rhf8 16. Rhf1 c5 17. dxc5 Bxc5 18. g4 Nd5 19. g5 hxg5 20. fxg5 Bd6
21. Rde1 Nb4 22. g6 Nxd3+ 23. Nxd3 Bd5 24. Rxf7 Rxf7 25. gxf7 Qxf7 26. Bc3 Bc4
27. Qe4 Bxd3 28. Qa8+ Bb8 29. Be5 Qb7 30. Qxb8+ Qxb8 31. Bxb8 Bf5 32. Be5 g5
33. Rd1 Rxd1+ 34. Kxd1 1/2-1/2

[Event "9.Open Internacional de Sants"]
[Site "Barcelona ESP"]
[Date "2007.08.30"]
[Round "7.7"]
[White "Oms Fuentes, Lluis"]
[Black "Bromberger, Stefan"]
[Result "1/2-1/2"]
[WhiteElo "2336"]
[BlackElo "2500"]
[PlyCount "47"]
[EventDate "2007.08.24"]
[EventType "swiss"]
[EventRounds "10"]
[EventCountry "ESP"]
[Source "lmi"]
[SourceDate "2007.08.24"]

1. e4 e5 2. Nc3 Nf6 3. Bc4 Nxe4 4. Qh5 Nd6 5. Qxe5+ Qe7 6. Qxe7+ Bxe7 7. Be2
O-O 8. Nf3 Re8 9. d4 Nf5 10. Bf4 c6 11. O-O-O d5 12. Bd3 Be6 13. Rhe1 Nd7 14.
Ne2 Nf8 15. Ng3 Ng6 16. Nxf5 Nxf4 17. Nxe7+ Rxe7 18. g3 Nxd3+ 19. Rxd3 f6 20.
Rde3 Kf7 21. Nh4 Rae8 22. Kd2 g5 23. Ng2 Bh3 24. Ra1 1/2-1/2

[Event "9.Open Internacional de Sants"]
[Site "Barcelona ESP"]
[Date "2007.08.30"]
[Round "7.10"]
[White "Gonzalez Garcia, Jose"]
[Black "Van Dongen, Patrick"]
[Result "1-0"]
[WhiteElo "2540"]
[BlackElo "2393"]
[PlyCount "57"]
[EventDate "2007.08.24"]
[EventType "swiss"]
[EventRounds "10"]
[EventCountry "ESP"]
[Source "lmi"]
[SourceDate "2007.08.24"]

1. d4 d5 2. c4 e6 3. Nf3 Nf6 4. Nc3 Be7 5. Bg5 O-O 6. e3 Ne4 7. Bxe7 Qxe7 8.
Qc2 c6 9. Rd1 f5 10. Bd3 Bd7 11. Ne5 Be8 12. Qb3 Bh5 13. Rc1 Nd7 14. Nxd7 Qxd7
15. f3 Nd6 16. Ne2 Kh8 17. c5 Ne8 18. h3 Nf6 19. g4 Bf7 20. g5 Ng8 21. Kf2 Ne7
22. Qc3 Ng6 23. h4 e5 24. h5 exd4 25. Qxd4 Ne7 26. Nf4 Be8 27. Rcg1 Ng8 28. h6
Qe7 29. Ne6 1-0

[Event "9.Open Internacional de Sants"]
[Site "Barcelona ESP"]
[Date "2007.08.30"]
[Round "7.11"]
[White "Panelo, Marcelo"]
[Black "Marin, Mihail"]
[Result "0-1"]
[WhiteElo "2382"]
[BlackElo "2533"]
[PlyCount "182"]
[EventDate "2007.08.24"]
[EventType "swiss"]
[EventRounds "10"]
[EventCountry "ESP"]
[Source "lmi"]
[SourceDate "2007.08.24"]

1. d4 Nf6 2. c4 g6 3. Nc3 d5 4. e3 Bg7 5. cxd5 Nxd5 6. Bc4 Nxc3 7. bxc3 O-O 8.
Nf3 c5 9. O-O Qc7 10. Qe2 Nc6 11. Ba3 b6 12. Rac1 Na5 13. Bd5 Rb8 14. Rfd1 e6
15. Be4 Bb7 16. Bxb7 Rxb7 17. Nd2 Rc8 18. dxc5 bxc5 19. Ne4 Bf8 20. c4 Qe5 21.
Qc2 f5 22. Ng5 Qf6 23. f4 Nc6 24. Rd2 h6 25. Nf3 Rd8 26. Rxd8 Nxd8 27. Qa4 Nf7
28. Qc6 Qe7 29. Rd1 Rb6 30. Qa4 Qb7 31. Bxc5 Bxc5 32. Qe8+ Kg7 33. Rd7 Bxe3+
34. Kf1 Rb1+ 35. Ne1 Rxe1+ 36. Kxe1 Qb4+ 37. Ke2 Qxc4+ 38. Kxe3 Qe4+ 39. Kf2
Qxf4+ 40. Ke2 Qe4+ 41. Kf2 Qc2+ 42. Kf3 Qc3+ 43. Kf2 Qb2+ 44. Kf3 Qc3+ 45. Kf2
Qc5+ 46. Kf3 Qa3+ 47. Ke2 Qxa2+ 48. Kf1 Qa4 49. Kf2 Qf4+ 50. Ke2 Qe5+ 51. Kf1
Qa1+ 52. Kf2 Qf6 53. Qe7 a6 54. Qxf6+ Kxf6 55. Ra7 g5 56. Rxa6 h5 57. h3 Ne5
58. Ke3 Ng6 59. Kf3 Ne7 60. g3 Ng6 61. Ra7 h4 62. gxh4 Nxh4+ 63. Kg3 Ng6 64.
Kf3 Ne5+ 65. Ke3 Nc6 66. Rb7 Ne7 67. Kf3 Nd5 68. Ra7 e5 69. Ra6+ Kf7 70. Ra7+
Kf6 71. Ra6+ Kf7 72. Ra7+ Kg6 73. Ra6+ Nf6 74. Re6 e4+ 75. Kg2 f4 76. Re5 Kh6
77. Re6 Kg7 78. Re7+ Kg6 79. Re5 e3 80. Kf3 Nd7 81. Re7 Nf6 82. Re5 Kh5 83. Re6
Nd5 84. Rc6 Ne7 85. Rf6 Ng6 86. Re6 Nh4+ 87. Ke2 Nf5 88. Rf6 Nd4+ 89. Kd3 e2
90. Kd2 f3 91. Rd6 f2 0-1

[Event "9.Open Internacional de Sants"]
[Site "Barcelona ESP"]
[Date "2007.08.30"]
[Round "7.12"]
[White "Antoli Royo, Joaquin Miguel"]
[Black "Luther, Thomas"]
[Result "1/2-1/2"]
[WhiteElo "2379"]
[BlackElo "2529"]
[PlyCount "23"]
[EventDate "2007.08.24"]
[EventType "swiss"]
[EventRounds "10"]
[EventCountry "ESP"]
[Source "lmi"]
[SourceDate "2007.08.24"]

1. e4 e6 2. d4 d5 3. Nd2 c5 4. Ngf3 cxd4 5. Nxd4 Nc6 6. Bb5 Bd7 7. Nxc6 Bxc6 8.
Bxc6+ bxc6 9. c4 dxe4 10. Nxe4 Qxd1+ 11. Kxd1 Nf6 12. Nxf6+ 1/2-1/2

[Event "9.Open Internacional de Sants"]
[Site "Barcelona ESP"]
[Date "2007.08.30"]
[Round "7.13"]
[White "Akesson, Ralf"]
[Black "Degtiarev, Evgeny"]
[Result "1/2-1/2"]
[WhiteElo "2477"]
[BlackElo "2385"]
[PlyCount "33"]
[EventDate "2007.08.24"]
[EventType "swiss"]
[EventRounds "10"]
[EventCountry "ESP"]
[Source "lmi"]
[SourceDate "2007.08.24"]

1. d4 d5 2. c4 c6 3. Nc3 Nf6 4. e3 a6 5. Qc2 g6 6. Bd3 Bg7 7. Nf3 O-O 8. O-O
Bg4 9. Ne5 Be6 10. c5 Nbd7 11. Nxd7 Qxd7 12. Bd2 Bf5 13. Bxf5 gxf5 14. f3 Kh8
15. Ne2 Nh5 16. Qd3 Bh6 17. Nf4 1/2-1/2

[Event "9.Open Internacional de Sants"]
[Site "Barcelona ESP"]
[Date "2007.08.30"]
[Round "7.14"]
[White "Gonzalez, Renier"]
[Black "Hernando Rodrigo, Jose Maria"]
[Result "1-0"]
[WhiteElo "2456"]
[BlackElo "2336"]
[PlyCount "53"]
[EventDate "2007.08.24"]
[EventType "swiss"]
[EventRounds "10"]
[EventCountry "ESP"]
[Source "lmi"]
[SourceDate "2007.08.24"]

1. e4 c5 2. Nf3 d6 3. d4 cxd4 4. Nxd4 Nf6 5. f3 a6 6. c4 e6 7. Nc3 Be7 8. Be3
O-O 9. Qd2 b6 10. Be2 Bb7 11. O-O Nbd7 12. Rfd1 Re8 13. Nc2 Qc7 14. Rac1 Rac8
15. Bf1 Bc6 16. Kh1 Qb8 17. b3 Bb7 18. Nd4 Bf8 19. Bf2 Rc5 20. Nde2 Rcc8 21.
Kg1 Red8 22. Bg3 Ne8 23. Kh1 b5 24. cxb5 axb5 25. Nxb5 Bxe4 26. Nc7 Bxf3 27.
gxf3 1-0

[Event "9.Open Internacional de Sants"]
[Site "Barcelona ESP"]
[Date "2007.08.30"]
[Round "7.15"]
[White "Asis Gargatagli, Hipolito"]
[Black "Sulashvili, Malkhaz"]
[Result "0-1"]
[WhiteElo "2374"]
[BlackElo "2437"]
[PlyCount "98"]
[EventDate "2007.08.24"]
[EventType "swiss"]
[EventRounds "10"]
[EventCountry "ESP"]
[Source "lmi"]
[SourceDate "2007.08.24"]

1. e4 c6 2. d4 d5 3. Nc3 dxe4 4. Nxe4 Bf5 5. Ng3 Bg6 6. Bc4 e6 7. N1e2 Qc7 8.
h4 h6 9. Nf4 Bh7 10. O-O Nf6 11. Re1 Bg8 12. Nfh5 Nbd7 13. Bf4 Qa5 14. c3 Nd5
15. Bd2 Qc7 16. Qf3 g6 17. Nf4 O-O-O 18. Bb3 Bd6 19. Nxd5 exd5 20. Bc2 f5 21.
Ne2 Nf6 22. Bf4 Ne4 23. Qe3 g5 24. Bxd6 Qxd6 25. f3 f4 26. Qd3 Re8 27. Nxf4
Qxf4 28. fxe4 Bh7 29. Qh3+ Kb8 30. Re2 dxe4 31. Rae1 gxh4 32. Qh2 Rhf8 33. Bxe4
Qxh2+ 34. Kxh2 Bxe4 35. Rxe4 Rxe4 36. Rxe4 Rf2 37. b3 Rxa2 38. Rxh4 Rb2 39.
Rxh6 Rxb3 40. g4 Kc7 41. g5 Rb5 42. g6 Rg5 43. Rh7+ Kb6 44. g7 a5 45. c4 a4 46.
d5 cxd5 47. cxd5 Kc5 48. g8=Q Rxg8 49. Rxb7 Ra8 0-1

[Event "9.Open Internacional de Sants"]
[Site "Barcelona ESP"]
[Date "2007.08.30"]
[Round "7.16"]
[White "Vila Gazquez, Javier"]
[Black "Lorenzo De La Riva, Lazaro"]
[Result "1-0"]
[WhiteElo "2429"]
[BlackElo "2332"]
[PlyCount "77"]
[EventDate "2007.08.24"]
[EventType "swiss"]
[EventRounds "10"]
[EventCountry "ESP"]
[Source "lmi"]
[SourceDate "2007.08.24"]

1. e4 e6 2. d4 d5 3. Nc3 Nf6 4. e5 Nfd7 5. f4 c5 6. Nf3 Nc6 7. Be3 a6 8. Qd2 b5
9. Ne2 Bb7 10. g4 cxd4 11. Nexd4 Nxd4 12. Nxd4 Nc5 13. O-O-O Ne4 14. Qe1 Bc5
15. Kb1 Qc7 16. Bd3 O-O-O 17. Nb3 Bxe3 18. Qxe3 g5 19. Rhf1 h5 20. fxg5 hxg4
21. Qf4 Rhg8 22. Bxe4 dxe4 23. Rd6 Rh8 24. Rfd1 Bd5 25. Nd2 Rxd6 26. exd6 Qb7
27. Nxe4 Rd8 28. Nc5 Qc6 29. d7+ Rxd7 30. Nxd7 Qxd7 31. Qxg4 Qc7 32. Qd4 Kb7
33. h4 Qh2 34. b3 Qe2 35. Rd3 a5 36. Rc3 Qf1+ 37. Kb2 Qe1 38. Qd3 Kb6 39. Qe3+
1-0

[Event "9.Open Internacional de Sants"]
[Site "Barcelona ESP"]
[Date "2007.08.30"]
[Round "7.17"]
[White "Matnadze, Ana"]
[Black "Gabrielsen, Stig"]
[Result "1/2-1/2"]
[WhiteElo "2408"]
[BlackElo "2322"]
[PlyCount "104"]
[EventDate "2007.08.24"]
[EventType "swiss"]
[EventRounds "10"]
[EventCountry "ESP"]
[Source "lmi"]
[SourceDate "2007.08.24"]

1. d4 Nf6 2. c4 e6 3. g3 c5 4. d5 exd5 5. cxd5 b5 6. Bg2 d6 7. b4 Nbd7 8. a4
cxb4 9. axb5 Bb7 10. Nf3 Bxd5 11. O-O Qb6 12. Nd4 Bxg2 13. Kxg2 d5 14. Ra6 Qb7
15. Bb2 Bc5 16. Nd2 O-O 17. N2b3 Bb6 18. Qd2 Ne4 19. Qxb4 Ndc5 20. f3 Nxb3 21.
Nxb3 Ng5 22. Bd4 Rae8 23. Bxb6 axb6 24. Qd2 h6 25. Nd4 Ne6 26. Nf5 Qb8 27. Qxd5
Nc5 28. e4 Nxa6 29. bxa6 Re5 30. Qd4 Rd8 31. a7 Qc7 32. Rd1 Ra8 33. Rc1 Qxc1
34. Qxe5 Qd2+ 35. Kh3 Qg5 36. Ne7+ Kh7 37. Qc7 Qh5+ 38. Kg2 Qc5 39. Qb7 Rd8 40.
Nd5 Qc2+ 41. Kh3 Qa2 42. Qxf7 Qa6 43. Nf6+ Kh8 44. Nh5 Qc8+ 45. g4 Qc3 46. e5
Qxe5 47. Qb7 Qa1 48. Ng3 b5 49. Nf5 Qf1+ 50. Kh4 Qf2+ 51. Kh3 Qf1+ 52. Kh4 Qf2+
1/2-1/2

[Event "9.Open Internacional de Sants"]
[Site "Barcelona ESP"]
[Date "2007.08.30"]
[Round "7.18"]
[White "Eisenbeiser, Amadeus"]
[Black "Fluvia Poyatos, Jordi"]
[Result "0-1"]
[WhiteElo "2367"]
[BlackElo "2495"]
[PlyCount "48"]
[EventDate "2007.08.24"]
[EventType "swiss"]
[EventRounds "10"]
[EventCountry "ESP"]
[Source "lmi"]
[SourceDate "2007.08.24"]

1. e4 c5 2. c4 Nc6 3. Ne2 Nf6 4. Nbc3 e6 5. d4 d5 6. cxd5 exd5 7. Bg5 Be7 8.
Bxf6 Bxf6 9. dxc5 d4 10. Nd5 O-O 11. Nxf6+ Qxf6 12. Ng3 Ne5 13. Bd3 b6 14. O-O
bxc5 15. Re1 c4 16. Bf1 d3 17. Qd2 Rb8 18. b3 c3 19. Qe3 d2 20. Red1 Ng4 21.
Qc5 Rd8 22. e5 Qxe5 23. Qxe5 Nxe5 24. Ne4 Bf5 0-1

[Event "9.Open Internacional de Sants"]
[Site "Barcelona ESP"]
[Date "2007.08.30"]
[Round "7.19"]
[White "Almeida Quintana, Omar"]
[Black "Tsarouhas, Konstantinos"]
[Result "1-0"]
[WhiteElo "2501"]
[BlackElo "2283"]
[PlyCount "61"]
[EventDate "2007.08.24"]
[EventType "swiss"]
[EventRounds "10"]
[EventCountry "ESP"]
[Source "lmi"]
[SourceDate "2007.08.24"]

1. d4 d5 2. Nf3 Nf6 3. c4 c6 4. Nc3 e6 5. Bg5 h6 6. Bxf6 Qxf6 7. e3 Nd7 8. Rc1
g5 9. Bd3 Bg7 10. O-O O-O 11. e4 dxc4 12. e5 Qe7 13. Bxc4 g4 14. Nd2 c5 15. f4
gxf3 16. Nxf3 cxd4 17. Ne4 Nxe5 18. Nxe5 Bxe5 19. Qg4+ Kh8 20. Qh5 f6 21. Qxh6+
Kg8 22. Ng5 Rf7 23. Nxf7 Qxf7 24. Qh3 Bd7 25. Rce1 Rc8 26. Qg4+ Kf8 27. Rxe5
Rxc4 28. b3 Rc2 29. Qxd4 Qg7 30. g3 Qh6 31. Rh5 1-0

[Event "9.Open Internacional de Sants"]
[Site "Barcelona ESP"]
[Date "2007.08.31"]
[Round "8.1"]
[White "Shengelia, Davit"]
[Black "Nijboer, Friso"]
[Result "0-1"]
[WhiteElo "2572"]
[BlackElo "2568"]
[PlyCount "60"]
[EventDate "2007.08.24"]
[EventType "swiss"]
[EventRounds "10"]
[EventCountry "ESP"]
[Source "lmi"]
[SourceDate "2007.08.24"]

1. e4 c5 2. Nf3 Nc6 3. d4 cxd4 4. Nxd4 Nf6 5. Nc3 d6 6. Bg5 e6 7. Qd2 a6 8.
O-O-O Bd7 9. f3 Be7 10. h4 h6 11. Be3 h5 12. Bg5 Ne5 13. Qe1 Qc7 14. f4 Nc6 15.
Nb3 b5 16. Rh3 b4 17. Nb1 e5 18. f5 a5 19. N3d2 Nd4 20. Nc4 O-O 21. Nbd2 a4 22.
c3 bxc3 23. Rxc3 Nb5 24. Rg3 Rfc8 25. Kb1 a3 26. b3 d5 27. exd5 Bxf5+ 28. Kc1
e4 29. Qf2 Qe5 30. Kb1 e3+ 0-1

[Event "9.Open Internacional de Sants"]
[Site "Barcelona ESP"]
[Date "2007.08.31"]
[Round "8.2"]
[White "Pinter, Jozsef"]
[Black "Karlsson, Lars"]
[Result "0-1"]
[WhiteElo "2535"]
[BlackElo "2493"]
[PlyCount "122"]
[EventDate "2007.08.24"]
[EventType "swiss"]
[EventRounds "10"]
[EventCountry "ESP"]
[Source "lmi"]
[SourceDate "2007.08.24"]

1. d4 e6 2. g3 f5 3. Bg2 Nf6 4. c4 Bb4+ 5. Nd2 O-O 6. Ngf3 d6 7. O-O Bxd2 8.
Bxd2 Qe7 9. Qb3 Kh8 10. Qa3 Ne4 11. Rad1 Nc6 12. Bc1 a5 13. Bd2 Nxd2 14. Rxd2
Nb4 15. Ne1 e5 16. Nd3 Nxd3 17. Qxd3 f4 18. Qe4 Bf5 19. Qxb7 e4 20. Qb3 g5 21.
Qc3 h5 22. d5+ Kh7 23. Rd4 Rae8 24. Kh1 h4 25. g4 Bg6 26. Kg1 f3 27. exf3 h3
28. Bh1 Rf4 29. Re1 Qf7 30. Re3 Rf8 31. Qd2 Kg8 32. Rc3 Qg7 33. Re3 Qf6 34. Rc3
Qg7 35. Re3 a4 36. a3 Qf6 37. Rc3 Qg7 38. Re3 Qf7 39. Rc3 Qf6 40. Re3 Qg7 41.
Rc3 Rb8 42. Rc1 Rb3 43. fxe4 Rxg4+ 44. Kf1 Qe5 45. f3 Rf4 46. Rc3 Rxb2 47. Qxb2
Qxd4 48. Qc1 Bxe4 49. Ke2 Bg6 50. c5 dxc5 51. Re3 c4 52. Kf2 Rf8 53. Qc3 Qxc3
54. Rxc3 Bd3 55. f4 Rxf4+ 56. Kg3 Kf8 57. Bf3 Ke7 58. Bd1 Kd6 59. Bxa4 Kxd5 60.
Bb5 Kd4 61. Rc1 Rf1 0-1